00462nam a22001457a 4500003000500000038001100005082001900016100002500035245007200060260003400132300001300166500001500179880003700194880008500231NUST awaseem a891.43917bFAI aShiekh Abdul Rasheed aFaiz Ahmed Faiz Insani Iqdar Ka Azeem Shair /cShiekh Abdul Rasheed aGujrat :bU.O.G Press,c2012. a288 p. ; aHardcover. 6100-02\raشیخ احمد شیخ 6245-02\raفیض احمد فیض انسانی اقدارکا عظیم شاعر /